SEECS Indoor Positioning System (SIPS) (Record no. 540511)

000 -LEADER
fixed length control field 00631nam a22001817a 4500
020 ## - INTERNATIONAL STANDARD BOOK NUMBER
Qualifying information Hard Cover
082 ## - DEWEY DECIMAL CLASSIFICATION NUMBER
Classification number 004
100 ## - MAIN ENTRY--PERSONAL NAME
Personal name Muhammad Bilal Amjad, Muhammad Arsalan Mughal
245 ## - TITLE STATEMENT
Title SEECS Indoor Positioning System (SIPS)
Statement of responsibility, etc. Muhammad Bilal Amjad, Muhammad Arsalan Mughal
260 ## - PUBLICATION, DISTRIBUTION, ETC.
Place of publication, distribution, etc. Islamabad :
Name of publisher, distributor, etc. SEECS - NUST,
Date of publication, distribution, etc. 2010.
300 ## - PHYSICAL DESCRIPTION
Extent 2010.
Dimensions 30cm.
563 ## - BINDING INFORMATION
Binding note a
650 ## - SUBJECT ADDED ENTRY--TOPICAL TERM
Topical term or geographic name entry element Communication System Engineering-Project Report
700 ## - ADDED ENTRY--PERSONAL NAME
Personal name Ms. Sana Khalique
856 ## - Uniform Resource Identifier
Uniform Resource Identifier <a href="http://10.250.8.41:8080/xmlui/handle/123456789/10728">http://10.250.8.41:8080/xmlui/handle/123456789/10728</a>
942 ## - ADDED ENTRY ELEMENTS (KOHA)
Source of classification or shelving scheme
Koha item type Thesis
650 ## - SUBJECT ADDED ENTRY--TOPICAL TERM
-- 34568
700 ## - ADDED ENTRY--PERSONAL NAME
-- 34569
Holdings
Withdrawn status Lost status Source of classification or shelving scheme Damaged status Not for loan Permanent Location Current Location Shelving location Date acquired Full call number Barcode Date last seen Price effective from Koha item type
WITHDRAWN         Central Library (CL) Central Library (CL) Thesis 10/27/2020 004 CL-BP-514 10/27/2020 10/27/2020 Project Report
© 2023 Central Library, National University of Sciences and Technology. All Rights Reserved.